000 00354nam a22001457a 4500
003 OSt
005 20160727222353.0
008 160622b xxu||||| |||| 00| 0 eng d
040 _cTEST
100 _9441
_aOlsen, V,
245 _aDaktar / Diplomat In Bangladesh
260 _aNJ
_b Spire Book
300 _aDaktar / Diplomat In Bangladesh
942 _2ddc
_cBK
999 _c362
_d362